000 00438nam a2200181Ia 4500
003 OSt
005 20250814101458.0
008 250729s2005 xx 000 0 und d
040 _cAL
041 _aeng
082 _a370.1 PANP
100 _aChaube S P
_9221282
245 _aHistory of problems indian education
260 _aAgra
_bVinod Piustak Mandir
_c2005
300 _a332p
650 _aEducation
_9221283
942 _2ddc
_cBED
999 _c234937
_d234937